000 00546nam a2200229Ia 4500
003 IT-RoPAU
008 120407s9999 xx 000 0 und d
040 _aIT-RoPAU
040 _cIT-RoPAU
041 _aita
100 _aErnst Ell
245 _aEducazione religiosa dei ragazzi. Vers. dal tedesco di Giuseppe Mancinelli.
250 _aFrancavilla a Mare
260 _aEdizioni Paoline
260 _c1970
300 _a141 p.
300 _c17 cm
490 _aConosci tuo figlio, II
490 _v13
942 _cBK
999 _c25627
_d25627